| 000 | 02616nam a2200241 4500 | ||
|---|---|---|---|
| 001 | 2162214035926548 | ||
| 003 | UA-OsUOA | ||
| 005 | 20260130102905.0 | ||
| 008 | 260130b un ||||| |||| 00| 0 ukr d | ||
| 040 |
_aUA-OsUOA _bukr _cUA-OsUOA _dUA-OsUOA |
||
| 041 | _aukr | ||
| 080 | _a299.1 | ||
| 090 | _a299.1 | ||
| 095 |
_a09.00.11 _bрелігієзнавство |
||
| 100 |
_aЗавалій О. І. _923088 |
||
| 245 |
_a Реконструкція релігійної системи трипільців та її структурних складових (за матеріалами Небелівського храму) _cЗавалій Олександр Іванович ; науковий керівник Базик Дмитро Васильович |
||
| 260 |
_aКиїв _c2025 |
||
| 300 | _a20 с. | ||
| 502 |
_6Автореферат дисертації на здобуття наукового ступеня кандидата філософських наук
_cІнститут філософії імені Г.С. Сковороди НАН України _d2025 |
||
| 520 | _aДисертація присвячена вивченню структурних складових релігійної системи трипільської культури, проблемам її реконструкції, інтерпретації та відродження в контексті сучасності за матеріалами Небелівського храму як унікальної сакральної споруди ранньоземлеробської доби. Зʼясовано астрономічне призначення, головний релігійний символ, основні сакральні елементи храму, реконструйовано гіпотетичні ритуальні практики та культові церемонії, а також виявлено існування календарної системи обчислення року, повʼязаної з храмовим культом. Досліджено вияви реліктових форм трипільської релігії в українському фольклорі та етнокультурі, а також рецепцію трипільської духовної спадщини в діяльності сучасних рідновірських / природовірських конфесій України. | ||
| 650 |
_2UDC _a2 Релігія. Теологія (Богослов'я) _92601 |
||
| 942 |
_2udc _cAR |
||
| 999 |
_c579632 _d579632 |
||